000 00503nam a2200193Ia 4500
005 20250603145717.0
008 250603s9999 xx 000 0 und d
020 _a9788174092304
050 _aTD 741 .G37/
100 _aGarg, Santosh Kumar
245 0 _aSewage disposal and air pollution engineering: environmental engineering (vol.II)
250 _a39th ed.
260 _aNew Delhi
260 _bKhanna Pulishers
260 _c2019
300 _a1128 p
650 _aNew Delhi
942 _cBK
999 _c42628
_d42628